Electronic circuits handbook : (Record no. 182158)
[ view plain ]
| 000 -LEADER | |
|---|---|
| fixed length control field | 01114 a2200217 4500 |
| 003 - CONTROL NUMBER IDENTIFIER | |
| control field | Nust |
| 005 - DATE AND TIME OF LATEST TRANSACTION | |
| control field | 20221130153717.0 |
| 010 ## - LIBRARY OF CONGRESS CONTROL NUMBER | |
| LC control number | 93136069 |
| 020 ## - INTERNATIONAL STANDARD BOOK NUMBER | |
| International Standard Book Number | 8170294134 |
| 040 ## - CATALOGING SOURCE | |
| Transcribing agency | Nust |
| 082 00 - DEWEY DECIMAL CLASSIFICATION NUMBER | |
| Classification number | 621.3815,TOO |
| 100 1# - MAIN ENTRY--PERSONAL NAME | |
| Personal name | Tooley, Michael H. |
| 9 (RLIN) | 103830 |
| 245 10 - TITLE STATEMENT | |
| Title | Electronic circuits handbook : |
| Remainder of title | design, testing, and construction / |
| Statement of responsibility, etc. | Michael Tooley. |
| 250 ## - EDITION STATEMENT | |
| Edition statement | 2nd ed. |
| 260 ## - PUBLICATION, DISTRIBUTION, ETC. | |
| Place of publication, distribution, etc. | Oxford ; |
| -- | Boston : |
| Name of publisher, distributor, etc. | Butterworth-Heinemann, |
| Date of publication, distribution, etc. | 1993. |
| 300 ## - PHYSICAL DESCRIPTION | |
| Extent | 373 p. : |
| Other physical details | ill. ; |
| Dimensions | 25 cm. |
| 505 ## - FORMATTED CONTENTS NOTE | |
| Formatted contents note | Introduction (Page-1), Passive Components (Page-5), Semiconductors (Page-35), Power Supplies (Page-52), Amplifiers (Page-75), Operational amplifiers (Page-101), Logic Circuits (Page-122), Timers (Page-154), Power Control (Page-174), Optoelectronics (Page-185), Radio frequency Circuit Techniques (Page-196), Computer Interfacing (Page-220), Computer aided Circuit Design (Page-244), Tools and Test equipment (Page-275), Circuit Construction (Page-292), Projects (Page-315). |
| 650 #0 - SUBJECT ADDED ENTRY--TOPICAL TERM | |
| Topical term or geographic name entry element | Electronic circuits |
| General subdivision | Handbooks, manuals, etc. |
| 9 (RLIN) | 103831 |
| 700 1# - ADDED ENTRY--PERSONAL NAME | |
| Personal name | Tooley, Michael H. |
| 9 (RLIN) | 103830 |
| 942 ## - ADDED ENTRY ELEMENTS (KOHA) | |
| Source of classification or shelving scheme | |
| Koha item type | Book |
| Withdrawn status | Lost status | Source of classification or shelving scheme | Damaged status | Not for loan | Permanent Location | Current Location | Shelving location | Date acquired | Full call number | Barcode | Date last seen | Price effective from | Koha item type | Public note |
|---|---|---|---|---|---|---|---|---|---|---|---|---|---|---|
| Military College of Signals (MCS) | Military College of Signals (MCS) | General Stacks | 12/12/2016 | 621.3815,TOO | MCS30990 | 12/08/2016 | 12/12/2016 | Book | Almirah No.33, Shelf No.3 |
